Les arrêts de tram à Caen - Statistiques

Statistiques générales
  • Ce quiz a été pris 34 fois
  • Le résultat moyen est 37 sur 58
Statistiques - réponses
HintT1 Réponse % Correct
T1 Université
96%
T2 Université
96%
T3 Saint-Pierre
92%
T1 Saint-Pierre
92%
T2 Saint-Pierre
92%
T1 Gare SNCF
88%
T3 Gare SNCF
88%
T1 Château Quatrans
83%
T1 Château Quatrans
83%
T2 Château Quatrans
83%
T3 Château Quatrans
83%
T1 Place de la mare
83%
T2 Place de la Mare
83%
T1 Calvaire Saint-Pierre
79%
T2 Calvaire Saint-Pierre
79%
T2 CHU
79%
T1 Quai de juillet
79%
T2 Quai de juillet
79%
T3 Quai de juillet
79%
T1 CROUS-SUAPS
75%
T2 CROUS-SUAPS
75%
T2 Presqu'ile
75%
T1 Bernières
71%
T2 Bernières
71%
T3 Bernières
71%
T2 Campus 2
71%
T1 Copernic
71%
T2 Copernic
71%
T2 Côte de Nacre
67%
T1 Café des images
63%
T2 Campus 4
63%
T1 Cité U Lebisey
63%
T1 Jean Vilar
63%
T1 Pierre Heuzé
63%
T1 Résistance Saint-Jean
63%
T2 Résistance Saint-Jean
63%
T3 Résistance Saint-Jean
63%
T2 Gare - Rives de l'Orne
58%
T1 Château d'eau
54%
T1 Leroy
54%
T3 Leroy
54%
T1 Lux-Lépine
54%
T3 Lux-Lépine
54%
T2 CITIS
46%
T1 Poincaré
46%
T3 Poincaré
46%
T3 Grâce de Dieu
42%
T1 Saint Clair
42%
T3 Aviation
38%
T1 Guynemer
33%
T3 Guynemer
33%
T1 Modigliani
33%
T1 Place de l'Europe
33%
T3 Hauts de l'Orne
29%
T1 Liberté
29%
T3 Rostand Fresnel
29%
T3 Collège Hawking
25%
T1 Concorde
25%
Aucun quiz correspondant
Distribution des résultats
% des personnes avec chaque résultat
Percentile par nombre de réponses
Votre historique - résultats
Vous n’avez pas pris ce quiz